Roztoči čeledi Phytoseiidae na Aesculus hippocastanum v parcích

Bibliographic Details
Main Authors: Kabíček, Jan (Author), Řeháková, Markéta (Author)
Format: Article
Language:Czech

MARC

LEADER 00000naa a2200000uu 4500
001 vtls011085506
003 SK-MaSNL
005 20260302105212.0
008 220810|2003 xo |||||||||||||||||cze|
015 |a SNBRA 
035 |a (urnnbn)urn:nbn:sk:snk:ar-a0cm2c 
035 |a (uuid)9a862d6f-b2d8-40bb-ad38-d3a7204dad5b 
035 |a urn:nbn:sk:snk-aavry3 
040 |a SNKBUCL  |b slo  |c SNKBUCL  |e AACR2 
041 0 |a cze 
044 |a xo  |c SK 
100 1 |a Kabíček, Jan  |4 aut  |9 548021 
245 1 0 |a Roztoči čeledi Phytoseiidae na Aesculus hippocastanum v parcích  |c Jan KABÍČEK, Markéta ŘEHÁKOVÁ 
246 3 |a Phytoseiid mites on Aesculus hippocastanum in the parks 
700 1 |a Řeháková, Markéta  |4 aut  |9 783531 
773 0 |t XVI. slovenská a česká konferencia o ochrane rastlín  |d V Nitre : Slovenská poľnohospodárska univerzita, 2003  |g S. 184-185  |z 8080692351 
954 |a odborná, vedecká literatúra cudzojazyčná (svetová)  |2 lita 
958 |a OND 
958 |a article12 
958 |a chapter 
999 |c 1237756  |d 1239686